| 000 | 00633nam a2200253 a 4500 | ||
|---|---|---|---|
| 001 | nice12345678 | ||
| 003 | IN_TiNIC | ||
| 005 | 20260116013644.0 | ||
| 008 | 050524s1987 pesa grp 000 0 eng | ||
| 020 |
_a _c250 |
||
| 082 | 0 | 0 |
_a958 _bHAM |
| 100 | _aHamid, Muhammad | ||
| 245 | _aSiberia to Afghanistan | ||
| 260 |
_aPeshawar _bInst. of Regional Studies _c1987 |
||
| 300 | _a336p | ||
| 500 | _aincludes index and biblioraphy | ||
| 505 | 2 | _aAppendix, Bibliography, Index | |
| 650 | _aIslam-Central Asia | ||
| 650 | _aCentral Asia | ||
| 700 | 1 | _aHamid, Muhammad | |
| 902 | _bSRS | ||
| 942 | _cBK | ||
| 999 |
_c11831 _d11831 |
||